Statistics for Kpop idols EVERYONE will know

Click here to take the quiz!

General Stats

  • This quiz has been taken 1,187 times
  • The average score is 13 of 16

Answer Stats

Answer% Correct
Lisa
99%
Jennie
92%
Jimin
91%
Jungkook
90%
Hwasa
85%
Kai
85%
Nayeon
85%
V
84%
Momo
80%
Soyeon
76%
Mark
74%
Irene
73%
Seulgi
63%
Seungkwan
61%
Mingyu
60%
Taemin
57%

Score Distribution

Percentile by Number Answered

Percent of People with Each Score

Your Score History

You have not taken this quiz